000 00737nam a2200229 i 4500
001 C2-0322288
003 PPAK
005 20180728121240.0
008 130512s2012 nyua|||| ||||| | eng d
020 _a9781606523582
040 _aPPAK
_beng
_cPPAK
_erda
082 0 4 _a917.304929
_223
090 0 0 _a917.304929
_bMOS
_dRLCK
245 0 4 _aThe most scenic drives in America :
_b120 spectacular road trips
264 1 _aNew York :
_bA Reader's Digest Book ,
_c2012
300 _a399 pages :
_bcolour photographs ;
_c26 cm
336 _2rdacontent
_atext
337 _2rdamedia
_aunmediated
338 _2rdacarrier
_avolume
650 1 0 _aAutomobile travel - United States - Guidebooks. ; United States - Guidebooks.
942 _ddc
_cB
999 _c122633
_d122633